000 00426nam a2200181Ia 4500
008 240829s19981 xx 000 0 und d
041 _aeng
082 _a615.53 SHA
100 _aSHARMA P.V.
245 _aCHARAKA SAMHITA VOL.1
250 _aN.D.
260 _aVARANSI
_bCHAUKHAMBA ORIENTALIA
_c19981
300 _a544p
440 _v1
650 _aCHARAKASAMHITA
906 _aKAYACHIKITSA
999 _c1181905
_d1181905